[Event "NM Juniorlandshold 2002"]
[Site "Viby"]
[Date "2002.09.08"]
[Round "3.5"]
[White "Helledie, Anders"]
[Black "Andersson, Fredrik"]
[Result "0-1"]
[WhiteElo "2143"]
[BlackElo "2273"]
[PlyCount "138"]
[EventDate "2002.??.??"]
[EventType "team"]
[EventRounds "3"]
[EventCountry "DEN"]
[WhiteTeam "Denmark 1"]
[BlackTeam "Sweden"]
[WhiteTeamCountry "DEN"]
[BlackTeamCountry "SWE"]

1. Nf3 d5 2. d3 Nf6 3. Nbd2 Bg4 4. c3 c6 5. e4 Nbd7 6. Qc2 e5 7. Be2 Bd6 8. O-O
O-O 9. Re1 Re8 10. Nf1 Bh5 11. Ng3 Bg6 12. Bf1 a5 13. a4 h6 14. h3 Bh7 15. b3
Qc7 16. Nh4 Nc5 17. Nhf5 Bf8 18. Kh1 Rab8 19. Bd2 Ne6 20. b4 b6 21. f3 Red8 22.
Qb2 Rd7 23. Rec1 Rbd8 24. Be1 Nf4 25. Qc2 Bxf5 26. Nxf5 g6 27. Ng3 h5 28. bxa5
bxa5 29. Rd1 Bh6 30. Ne2 Ne6 31. Rab1 Bg7 32. Bf2 c5 33. Rb5 dxe4 34. fxe4 Nxe4
35. Be1 Nd6 36. Rb2 Nf5 37. Bf2 e4 38. Nc1 e3 39. Be1 Ng3+ 40. Bxg3 Qxg3 41.
Ne2 Qf2 42. Ng1 Qxc2 43. Rxc2 Nf4 44. d4 cxd4 45. cxd4 Rxd4 46. Rxd4 Rxd4 47.
Rc4 e2 48. Rc8+ Kh7 49. Nxe2 Rxa4 50. Kh2 Nxe2 51. Bxe2 h4 52. Rc4 Be5+ 53. Kg1
Bd4+ 54. Kh2 Rxc4 55. Bxc4 Kg7 56. g4 hxg3+ 57. Kxg3 f5 58. Bb3 Kf6 59. Kf3 Ke5
60. Bf7 g5 61. Bb3 Bc3 62. Bc2 Be1 63. Bd1 Kd4 64. Ke2 Bh4 65. Kd2 Kc4 66. Bc2
f4 67. Be4 Kb3 68. Bd5+ Kb2 69. Bc6 f3 0-1

[Event "NM Juniorlandshold 2002"]
[Site "Viby"]
[Date "2002.09.08"]
[Round "3.6"]
[White "Mansson, Lars"]
[Black "Rasmussen, Henning Lau"]
[Result "1-0"]
[WhiteElo "2246"]
[BlackElo "2053"]
[PlyCount "77"]
[EventDate "2002.??.??"]
[EventType "team"]
[EventRounds "3"]
[EventCountry "DEN"]
[WhiteTeam "Sweden"]
[BlackTeam "Denmark 1"]
[WhiteTeamCountry "SWE"]
[BlackTeamCountry "DEN"]

1. e4 g6 2. d4 Bg7 3. Nf3 d6 4. Nc3 a6 5. Be3 b6 6. Bd3 e6 7. Qd2 h6 8. O-O Ne7
9. Rae1 Nd7 10. Kh1 c5 11. dxc5 bxc5 12. Ng1 Bb7 13. f4 d5 14. exd5 exd5 15. f5
gxf5 16. Bf4 d4 17. Na4 Be4 18. Bxe4 fxe4 19. Rxe4 Nf6 20. Re2 Rc8 21. Be5 Rc6
22. Nxc5 Qd5 23. Qxd4 Qxc5 24. Qxc5 Rxc5 25. Bxf6 Bxf6 26. Rxf6 a5 27. Ra6 Kf8
28. Nf3 Nc8 29. h3 Kg7 30. Nd4 Rd8 31. Nb3 Rd1+ 32. Kh2 Rf5 33. Rxa5 Rff1 34.
Nd2 Rh1+ 35. Kg3 Nd6 36. Ne4 Nc4 37. Rc5 Nxb2 38. Nf2 Rhe1 39. Nxd1 1-0

[Event "NM Juniorlandshold 2002"]
[Site "Viby"]
[Date "2002.09.08"]
[Round "3.7"]
[White "Glud, Jakob Vang"]
[Black "Ong, Kezli"]
[Result "0-1"]
[WhiteElo "2109"]
[BlackElo "2173"]
[PlyCount "84"]
[EventDate "2002.??.??"]
[EventType "team"]
[EventRounds "3"]
[EventCountry "DEN"]
[WhiteTeam "Denmark 1"]
[BlackTeam "Sweden"]
[WhiteTeamCountry "DEN"]
[BlackTeamCountry "SWE"]

1. e4 e5 2. Nf3 Nc6 3. Bb5 a6 4. Ba4 Nf6 5. O-O Be7 6. Re1 b5 7. Bb3 d6 8. h3
Na5 9. d3 Nxb3 10. axb3 O-O 11. Nbd2 Re8 12. Nf1 Bf8 13. Bg5 h6 14. Bd2 Bb7 15.
c4 Kh7 16. Ne3 g6 17. Nh2 Bg7 18. Kh1 c6 19. Neg4 d5 20. Nxf6+ Qxf6 21. Qe2
Rad8 22. Bc3 dxe4 23. dxe4 Rd7 24. f3 Qe6 25. Ng4 h5 26. Nf2 Bf8 27. Red1 Red8
28. Rxd7 Rxd7 29. Rf1 f6 30. g4 hxg4 31. Nxg4 Bg7 32. f4 exf4 33. Rxf4 f5 34.
Nf2 bxc4 35. Bxg7 Kxg7 36. Qxc4 Qxc4 37. bxc4 c5 38. Kg1 Rd4 39. b3 fxe4 40.
Kf1 Rd2 41. Nxe4 Rd4 42. Nxc5 Rxf4+ 0-1

[Event "NM Juniorlandshold 2002"]
[Site "Viby"]
[Date "2002.09.08"]
[Round "3.8"]
[White "Semcesen, Daniel"]
[Black "Mikkelsen, Nikolaj"]
[Result "1/2-1/2"]
[WhiteElo "2115"]
[BlackElo "2026"]
[PlyCount "118"]
[EventDate "2002.??.??"]
[EventType "team"]
[EventRounds "3"]
[EventCountry "DEN"]
[WhiteTeam "Sweden"]
[BlackTeam "Denmark 1"]
[WhiteTeamCountry "SWE"]
[BlackTeamCountry "DEN"]

1. e4 c5 2. Nf3 Nc6 3. c3 d5 4. exd5 Qxd5 5. d4 Nf6 6. Be2 e6 7. O-O Be7 8. c4
Qd8 9. dxc5 O-O 10. Nc3 Nd7 11. Be3 f5 12. Nd4 Nxd4 13. Bxd4 e5 14. Be3 f4 15.
Bd2 Bxc5 16. Ne4 Qe7 17. Re1 Nf6 18. Nxc5 Qxc5 19. Bf3 Rd8 20. Qc1 Bg4 21. Bxb7
Rab8 22. Bd5+ Nxd5 23. Rxe5 Qd4 24. Rxd5 Rxd5 25. cxd5 Rxb2 26. Qe1 Rb8 27. h3
Bh5 28. Bc3 Qxd5 29. Qe5 Qxe5 30. Bxe5 Rf8 31. Rc1 f3 32. g4 Bg6 33. Bd4 a6 34.
Kh2 Be4 35. Kg3 h6 36. Re1 Bd5 37. a3 Rf7 38. Re5 Bb7 39. h4 Kh7 40. Be3 Rd7
41. g5 hxg5 42. hxg5 Kg6 43. Re6+ Kf5 44. Re8 Rf7 45. Kh4 Bc6 46. Rc8 Bb5 47.
Kh5 g6+ 48. Kh4 Ke4 49. Kg3 Re7 50. a4 Bd7 51. Rc4+ Kd3 52. Rd4+ Ke2 53. Rb4
Bc6 54. Rb6 Bxa4 55. Rxa6 Re4 56. Rf6 Bd7 57. Rf4 Rxf4 58. Kxf4 Bf5 59. Bc5 Bb1
1/2-1/2

[Event "NM Juniorlandshold 2002"]
[Site "Viby"]
[Date "2002.09.08"]
[Round "3.10"]
[White "Fraenkel, Mikael Andersson"]
[Black "Poulsen, Morten Kjaer"]
[Result "0-1"]
[WhiteElo "2003"]
[BlackElo "2010"]
[PlyCount "60"]
[EventDate "2002.??.??"]
[EventType "team"]
[EventRounds "3"]
[EventCountry "DEN"]
[WhiteTeam "Sweden"]
[BlackTeam "Denmark 1"]
[WhiteTeamCountry "SWE"]
[BlackTeamCountry "DEN"]

1. e4 e5 2. Nc3 Nf6 3. Bc4 Nc6 4. f4 Bb4 5. d3 O-O 6. Nf3 d5 7. fxe5 Nxe4 8.
dxe4 dxc4 9. Qe2 Bxc3+ 10. bxc3 Bg4 11. Bf4 Re8 12. Rd1 Qe7 13. Qxc4 Bxf3 14.
gxf3 Nxe5 15. Bxe5 Qxe5 16. Rd5 Qf4 17. O-O Rad8 18. Rf2 c6 19. Rf5 Qc1+ 20.
Kg2 Re6 21. f4 Qe3 22. h4 Rd2 23. Rxd2 Qxd2+ 24. Kf3 Qd1+ 25. Ke3 Qe1+ 26. Kf3
Qh1+ 27. Ke3 Qh3+ 28. Kd4 Qf3 29. Qd3 Rd6+ 30. Rd5 Qf2+ 0-1

[Event "NM Juniorlandshold 2002"]
[Site "Viby"]
[Date "2002.09.08"]
[Round "3.1"]
[White "Nielsen, Anders Bodholt"]
[Black "Tallaksen, Geir Sune"]
[Result "1/2-1/2"]
[WhiteElo "2130"]
[BlackElo "2219"]
[PlyCount "80"]
[EventDate "2002.??.??"]
[EventType "team"]
[EventRounds "3"]
[EventCountry "DEN"]
[WhiteTeam "Denmark 2"]
[BlackTeam "Norway"]
[WhiteTeamCountry "DEN"]
[BlackTeamCountry "NOR"]

1. Nf3 Nf6 2. g3 d5 3. d3 c6 4. Bg2 Bg4 5. Nbd2 Nbd7 6. h3 Bh5 7. O-O e5 8. e4
Bd6 9. c3 O-O 10. Qc2 a5 11. a4 Qc7 12. Nh4 Nc5 13. Re1 Rad8 14. Nb3 dxe4 15.
dxe4 Nfd7 16. Nf5 Nxb3 17. Qxb3 Nc5 18. Qc2 Qb6 19. Be3 Qb3 20. Rac1 Qxc2 21.
Rxc2 Nd3 22. Ra1 Bc5 23. Bxc5 Nxc5 24. b4 axb4 25. cxb4 Nb3 26. Rb1 Nd2 27.
Rbc1 Nf3+ 28. Kf1 Nd4 29. Nxd4 Rxd4 30. Rc4 Rfd8 31. g4 Bg6 32. b5 cxb5 33.
axb5 R4d7 34. Rc8 Kf8 35. Rxd8+ Rxd8 36. Rc7 b6 37. Rb7 Rd6 38. Ke2 h5 39. Ke3
hxg4 40. hxg4 f6 1/2-1/2

[Event "NM Juniorlandshold 2002"]
[Site "Viby"]
[Date "2002.09.08"]
[Round "3.2"]
[White "Ekeberg, Carl Frederik"]
[Black "Bohlke, Christian"]
[Result "1-0"]
[WhiteElo "2222"]
[BlackElo "2111"]
[PlyCount "75"]
[EventDate "2002.??.??"]
[EventType "team"]
[EventRounds "3"]
[EventCountry "DEN"]
[WhiteTeam "Norway"]
[BlackTeam "Denmark 2"]
[WhiteTeamCountry "NOR"]
[BlackTeamCountry "DEN"]

1. Nf3 Nf6 2. c4 g6 3. Nc3 Bg7 4. e4 d6 5. d4 O-O 6. Be2 e5 7. O-O Nc6 8. d5
Ne7 9. b4 Ne8 10. c5 f5 11. Nd2 f4 12. Ba3 g5 13. Nc4 Rf6 14. b5 Bf8 15. b6
axb6 16. cxb6 cxb6 17. Rb1 Rh6 18. Nb5 Ng6 19. Bg4 Rh4 20. Be6+ Kh8 21. Bf7 f3
22. g3 Nf4 23. Qxf3 Bg4 24. Qe3 Qf6 25. f3 Rxh2 26. Kxh2 Qh6+ 27. Kg1 Nh3+ 28.
Kg2 Nf4+ 29. gxf4 Qh3+ 30. Kf2 gxf4 31. Qd3 Be7 32. Ke2 Bh4 33. fxg4 Qg2+ 34.
Kd1 f3 35. Rb2 f2 36. Ne3 Qf3+ 37. Qe2 Qxe4 38. Nf5 1-0

[Event "NM Juniorlandshold 2002"]
[Site "Viby"]
[Date "2002.09.08"]
[Round "3.3"]
[White "Vovk, Oksana"]
[Black "Lie, Espen"]
[Result "1/2-1/2"]
[WhiteElo "2079"]
[BlackElo "2143"]
[PlyCount "125"]
[EventDate "2002.??.??"]
[EventType "team"]
[EventRounds "3"]
[EventCountry "DEN"]
[WhiteTeam "Denmark 2"]
[BlackTeam "Norway"]
[WhiteTeamCountry "DEN"]
[BlackTeamCountry "NOR"]

1. c4 Nf6 2. Nc3 d5 3. d4 e6 4. cxd5 exd5 5. Bg5 c6 6. Qc2 Bd6 7. e3 O-O 8. Bd3
h6 9. Bh4 Re8 10. Nf3 Nbd7 11. O-O g5 12. Bg3 Bxg3 13. hxg3 Qe7 14. Rab1 a5 15.
a3 b6 16. b4 Bb7 17. Rfe1 Qd6 18. Qb2 axb4 19. axb4 Rab8 20. Bf5 Bc8 21. Nd2
Nf8 22. Bc2 Rd8 23. Red1 Bg4 24. f3 Bh5 25. Kf2 c5 26. dxc5 bxc5 27. Nde4 Qe5
28. Nxf6+ Qxf6 29. Nxd5 Qxb2 30. Rxb2 Kg7 31. b5 f6 32. Nc7 Rxd1 33. Bxd1 Be8
34. Be2 Nd7 35. b6 c4 36. Nxe8+ Rxe8 37. Bxc4 Nc5 38. Ke2 Kf8 39. Rb5 Na4 40.
Kd3 Rb8 41. b7 Rxb7 42. Rxb7 Nc5+ 43. Kd4 Nxb7 44. f4 Ke7 45. e4 Nd6 46. Bd3
Ne8 47. e5 Ng7 48. Bg6 Ne6+ 49. Ke4 fxe5 50. fxe5 Nc5+ 51. Kd5 Na4 52. Bh5 Nc3+
53. Kd4 Nb5+ 54. Ke4 Nc3+ 55. Kf5 Nd5 56. Kg6 Ne3 57. Kxh6 Ke6 58. Kxg5 Nxg2
59. Kg4 Kxe5 60. Bg6 Ne3+ 61. Kh5 Nf1 62. g4 Nh2 63. g5 1/2-1/2

[Event "NM Juniorlandshold 2002"]
[Site "Viby"]
[Date "2002.09.08"]
[Round "3.4"]
[White "Borchgrevink, Harald Bonaventura"]
[Black "Aabling Thomsen, Jakob"]
[Result "1-0"]
[WhiteElo "2165"]
[BlackElo "2051"]
[PlyCount "141"]
[EventDate "2002.??.??"]
[EventType "team"]
[EventRounds "3"]
[EventCountry "DEN"]
[WhiteTeam "Norway"]
[BlackTeam "Denmark 2"]
[WhiteTeamCountry "NOR"]
[BlackTeamCountry "DEN"]

1. c4 e5 2. g3 Nc6 3. Bg2 g6 4. Nc3 Bg7 5. d3 d6 6. e4 Nge7 7. Nge2 Be6 8. O-O
Qd7 9. Nd5 h5 10. Bg5 h4 11. b4 Bh3 12. Nf6+ Bxf6 13. Bxf6 O-O-O 14. gxh4 g5
15. Bxh8 Rxh8 16. h5 Bxg2 17. Kxg2 Rxh5 18. Ng3 Rh4 19. h3 Qxh3+ 20. Kf3 Qg4+
21. Kg2 Qf4 22. Rh1 Nd4 23. Nh5 Rxh1 24. Kxh1 Qh4+ 25. Kg1 Ng6 26. Nf6 Qh8 27.
Qg4+ Kb8 28. Qd7 Nf4 29. Qe8+ Qxe8 30. Nxe8 Nxd3 31. a3 a5 32. bxa5 f5 33. exf5
Nxf5 34. Rb1 Nc5 35. Kg2 Nd4 36. Rb2 Nc6 37. Rb5 e4 38. Nf6 Ne5 39. a6 Nxc4 40.
axb7 c6 41. Rb4 d5 42. a4 e3 43. a5 e2 44. a6 Nxa6 45. Rb1 d4 46. Nd7+ Kc7 47.
Nc5 Nb8 48. Ne6+ Kd7 49. Nxd4 c5 50. Nxe2 Nd6 51. Nc3 Kc6 52. Kg3 Nxb7 53. Kg4
Nd7 54. Kxg5 Nd8 55. f4 Ne6+ 56. Kf5 Nd4+ 57. Kg6 c4 58. Re1 Kc5 59. f5 Kb4 60.
Re3 Nf8+ 61. Kg5 Nh7+ 62. Kf4 Nf6 63. Ke5 Ng4+ 64. Kxd4 Nxe3 65. Kxe3 Kxc3 66.
f6 Kb2 67. f7 c3 68. f8=Q c2 69. Qb4+ Kc1 70. Kd3 Kd1 71. Qd2# 1-0

[Event "NM Juniorlandshold 2002"]
[Site "Viby"]
[Date "2002.09.08"]
[Round "3.5"]
[White "Bindzus, Niels"]
[Black "Stokke, Kjetil"]
[Result "1/2-1/2"]
[WhiteElo "1978"]
[BlackElo "2070"]
[PlyCount "110"]
[EventDate "2002.??.??"]
[EventType "team"]
[EventRounds "3"]
[EventCountry "DEN"]
[WhiteTeam "Denmark 2"]
[BlackTeam "Norway"]
[WhiteTeamCountry "DEN"]
[BlackTeamCountry "NOR"]

1. e4 c5 2. Nf3 g6 3. d4 cxd4 4. Nxd4 Bg7 5. Nc3 Nc6 6. Be3 Nf6 7. Be2 O-O 8.
O-O d5 9. exd5 Nxd5 10. Nxd5 Qxd5 11. Bf3 Qa5 12. Nxc6 bxc6 13. c3 Rb8 14. b4
Qa3 15. Bf4 e5 16. Be3 Ba6 17. Qc1 Qa4 18. Bd1 Qb5 19. Re1 Qb7 20. Bh6 Qc7 21.
Bxg7 Kxg7 22. Qe3 f6 23. Be2 Bxe2 24. Qxe2 c5 25. Qc4 Rfc8 26. b5 Qf7 27. Qe2
c4 28. a4 a6 29. Rab1 axb5 30. axb5 Rc5 31. b6 Rc6 32. Qe3 Qd5 33. Red1 Rcxb6
34. Ra1 Ra6 35. h3 Rxa1 36. Rxa1 Rb7 37. Ra7 h5 38. Qb6 Rxa7 39. Qxa7+ Kh6 40.
h4 Qd1+ 41. Kh2 Qg4 42. g3 Qe6 43. Qe3+ Kg7 44. Qa7+ Kf8 45. Qb8+ Kg7 46. Qa7+
Qf7 47. Qc5 Kh7 48. Qd6 Kh6 49. Qc5 g5 50. hxg5+ Kxg5 51. Qe3+ Kg6 52. Qe4+ Kg7
53. Qf5 Qg6 54. Qd7+ Kh6 55. Qc6 e4 1/2-1/2

[Event "NM Juniorlandshold 2002"]
[Site "Viby"]
[Date "2002.09.08"]
[Round "3.6"]
[White "Bjerke, Silje"]
[Black "Moller, Morten Kock"]
[Result "1/2-1/2"]
[WhiteElo "2059"]
[BlackElo "1962"]
[PlyCount "87"]
[EventDate "2002.??.??"]
[EventType "team"]
[EventRounds "3"]
[EventCountry "DEN"]
[WhiteTeam "Norway"]
[BlackTeam "Denmark 2"]
[WhiteTeamCountry "NOR"]
[BlackTeamCountry "DEN"]

1. d4 Nf6 2. c4 e6 3. Nc3 Bb4 4. Qc2 O-O 5. a3 Bxc3+ 6. Qxc3 b6 7. Bg5 Bb7 8.
f3 h6 9. Bh4 d5 10. e3 Nbd7 11. cxd5 Nxd5 12. Bxd8 Nxc3 13. Bh4 Nd5 14. Bf2 f5
15. Bb5 N7f6 16. Rc1 c6 17. Bd3 a5 18. Ne2 Rfc8 19. O-O Ba6 20. Bxa6 Rxa6 21.
Rc2 Kf7 22. Nc1 Ke7 23. Nd3 Nd7 24. Rfc1 b5 25. Kf1 g5 26. Ke2 Kf7 27. Bg3 Ke7
28. Be5 Rb6 29. h4 gxh4 30. Kf2 Ra6 31. Rh1 Rg8 32. Rcc1 Rg6 33. Rxh4 N7f6 34.
Bxf6+ Rxf6 35. Ne5 Kd6 36. Rch1 c5 37. Rxh6 Rxh6 38. Rxh6 Ra7 39. Rh8 cxd4 40.
exd4 Rc7 41. Kg3 Rg7+ 42. Kf2 Rc7 43. Kg1 Nf4 44. Kf1 1/2-1/2

[Event "NM Juniorlandshold 2002"]
[Site "Viby"]
[Date "2002.09.08"]
[Round "3.8"]
[White "Fossum, Oystein Boyum"]
[Black "Skjoldan, Benjamin"]
[Result "0-1"]
[WhiteElo "1832"]
[BlackElo "1919"]
[PlyCount "88"]
[EventDate "2002.??.??"]
[EventType "team"]
[EventRounds "3"]
[EventCountry "DEN"]
[WhiteTeam "Norway"]
[BlackTeam "Denmark 2"]
[WhiteTeamCountry "NOR"]
[BlackTeamCountry "DEN"]

1. c4 Nf6 2. g3 g6 3. Bg2 e5 4. Nc3 Bg7 5. e4 O-O 6. Nge2 c5 7. O-O d6 8. d3
Nc6 9. f4 Nd4 10. Nxd4 exd4 11. Ne2 Rb8 12. a4 b6 13. h3 a6 14. g4 b5 15. axb5
axb5 16. b3 Bd7 17. Ng3 Ne8 18. Nh1 Qb6 19. Qf3 Bc6 20. Qg3 Qb7 21. Ra2 f5 22.
exf5 gxf5 23. g5 d5 24. Qf3 Nc7 25. Qd1 dxc4 26. Bxc6 Qxc6 27. dxc4 bxc4 28.
bxc4 Qe6 29. Rc2 Rfe8 30. Ng3 Rb3 31. Kh2 d3 32. Ra2 Qxc4 33. Nxf5 Rbb8 34. Ra7
Re2+ 35. Kg3 Ne6 36. Rf2 Qe4 37. Nh4 Bd4 38. Rf3 c4 39. Re7 Re1 40. Qa4 Rg1+
41. Ng2 Qe1+ 42. Kg4 Rxg2+ 43. Kf5 Rf8+ 44. Rf7 Rxf7# 0-1

[Event "NM Juniorlandshold 2002"]
[Site "Viby"]
[Date "2002.09.08"]
[Round "3.9"]
[White "Olsen, Miriam Frida"]
[Black "Skrondal, Inge Sandstad"]
[Result "0-1"]
[WhiteElo "1855"]
[BlackElo "1695"]
[PlyCount "148"]
[EventDate "2002.??.??"]
[EventType "team"]
[EventRounds "3"]
[EventCountry "DEN"]
[WhiteTeam "Denmark 2"]
[BlackTeam "Norway"]
[WhiteTeamCountry "DEN"]
[BlackTeamCountry "NOR"]

1. e4 c5 2. Nf3 Nc6 3. d4 cxd4 4. Nxd4 g6 5. c4 Bg7 6. Be3 Nf6 7. Nc3 d6 8. Be2
O-O 9. O-O Bd7 10. Qd2 Qa5 11. f3 Rfe8 12. Rfc1 Rac8 13. a3 a6 14. b4 Qh5 15.
Rab1 Ra8 16. Nd5 Nxd5 17. cxd5 Nxd4 18. Bxd4 Qh6 19. Be3 Qh5 20. Rc7 Bb5 21.
Rxb7 Qe5 22. Bd1 Rab8 23. Rc7 Rec8 24. Rbc1 Rxc7 25. Rxc7 h5 26. Qc2 Qb2 27. a4
Be8 28. Qxb2 Bxb2 29. Rxe7 Bf6 30. Ba7 Rc8 31. Rxe8+ Rxe8 32. Be2 Ra8 33. Bb6
Rb8 34. a5 Bc3 35. Bxa6 Bxb4 36. Bc7 Bc5+ 37. Kf1 Rb1+ 38. Ke2 Rb2+ 39. Kf1 f6
40. Bc4 Kf7 41. a6 Ke7 42. g3 Kd7 43. Ba5 Rf2+ 44. Ke1 Rxf3 45. Bb5+ Ke7 46.
Bd2 Rf2 47. h4 Rf3 48. Bf4 Ra3 49. Ke2 Kd8 50. Kd2 Ra5 51. Bd3 Kc7 52. Ke2 Ra2+
53. Kf1 Kb6 54. Bc4 Ra4 55. Bd3 Ka7 56. Ke2 Ra2+ 57. Kf1 Rb2 58. Ke1 Rb8 59.
Be2 Re8 60. Kf1 Rxe4 61. Bd3 f5 62. Bxe4 fxe4 63. Ke2 Kxa6 64. Kd2 Kb5 65. Kc3
Kb6 66. Kd2 Ka5 67. Kc3 Kb5 68. Bg5 Bf2 69. Kd2 Kc4 70. Bf4 Kxd5 71. Ke2 e3 72.
Kd3 Ke6 73. Ke2 d5 74. Kd3 Kf5 0-1

[Event "NM Juniorlandshold 2002"]
[Site "Viby"]
[Date "2002.09.08"]
[Round "3.10"]
[White "Kovachev, Daniel Jacobsen"]
[Black "Rhee, Frederik Alexander"]
[Result "1-0"]
[WhiteElo "1682"]
[BlackElo "1788"]
[PlyCount "69"]
[EventDate "2002.??.??"]
[EventType "team"]
[EventRounds "3"]
[EventCountry "DEN"]
[WhiteTeam "Norway"]
[BlackTeam "Denmark 2"]
[WhiteTeamCountry "NOR"]
[BlackTeamCountry "DEN"]

1. e4 c5 2. Nc3 Nc6 3. f4 e6 4. Nf3 d5 5. Bb5 d4 6. Ne2 Nf6 7. Bxc6+ bxc6 8. d3
Ba6 9. b3 Be7 10. O-O O-O 11. Kh1 Qc7 12. Rg1 Nd7 13. Qf1 f6 14. g4 Rae8 15.
Qg2 Bc8 16. Bd2 Bd6 17. Raf1 Kh8 18. Nh4 Re7 19. f5 Ne5 20. g5 exf5 21. gxf6
gxf6 22. Bh6 Rfe8 23. Nxf5 Bxf5 24. Rxf5 Ng6 25. Rxf6 Be5 26. Rf5 a5 27. a4 Qd6
28. Rf8+ Rxf8 29. Bxf8 Qe6 30. Bxe7 Qxe7 31. Ng3 Nf4 32. Nf5 Qf7 33. Nh6 Nxg2
34. Nxf7+ Kg7 35. Nxe5 1-0